[Event "Helsingor Xtracon op"]
[Site "Helsingor"]
[Date "2019.07.24"]
[Round "6"]
[White "Ashwin, Hariharan"]
[Black "Rishovd, Svein"]
[Result "1/2-1/2"]
[WhiteElo "1881"]
[BlackElo "2124"]
[PlyCount "72"]
[EventDate "2019.07.20"]
[EventType "swiss"]
[EventRounds "10"]
[EventCountry "DEN"]
[SourceTitle "CBM 191 Extra"]
[Source "ChessBase"]
[SourceDate "2019.09.30"]
[SourceVersion "1"]
[SourceVersionDate "2019.09.30"]
[SourceQuality "1"]

1. e4 c5 2. Nc3 a6 3. f4 Nc6 4. Nf3 e6 5. g3 b5 6. Bg2 Bb7 7. 0-0 Qb6 8. d3 Nge7 9. Be3 Nd4 10. Nxd4 cxd4 11. Bf2 Nc6 12. Ne2 Bc5 13. c3 Qa7 14. a4 dxc3 15. Bxc5 Qxc5+ 16. d4 Qb6 17. bxc3 0-0 18. Qd3 Rab8 19. Rfb1 Na7 20. axb5 axb5 21. c4 bxc4 22. Qxc4 Qc6 23. Qb3 Nc8 24. Rc1 Qb6 25. Rab1 Ba6 26. Qa2 Bb5 27. Rc5 Na7 28. Nc3 d6 29. Rcxb5 Qxd4+ 30. Qf2 Nxb5 31. Nxb5 Qd3 32. Qf1 Qe3+ 33. Qf2 Qd3 34. Qf1 Qe3+ 35. Kh1 Rfc8 36. Qg1 Qd3 1/2-1/2

[Event "Penang op-A 9th"]
[Site "Penang"]
[Date "2017.12.05"]
[Round "3"]
[White "Ashwin, Hariharan"]
[Black "Nguyen, Truong Bao Tran"]
[Result "1-0"]
[WhiteElo "1626"]
[BlackElo "1953"]
[PlyCount "91"]
[EventDate "2017.12.04"]
[EventType "swiss"]
[EventRounds "9"]
[EventCountry "MAS"]
[SourceTitle "CBM 182 Extra"]
[Source "ChessBase"]
[SourceDate "2018.02.23"]
[SourceVersion "1"]
[SourceVersionDate "2018.02.23"]
[SourceQuality "1"]

1. e4 c6 2. d4 d5 3. Nc3 dxe4 4. Nxe4 Bf5 5. Ng3 Bg6 6. Bc4 e6 7. N1e2 Nf6 8. Nf4 Bd6 9. Bd3 Nbd7 10. 0-0 Qc7 11. Qf3 0-0-0 12. c4 c5 13. dxc5 Nxc5 14. Nxg6 hxg6 15. Bc2 Ncd7 16. Qe2 Ne5 17. Bg5 Qxc4 18. Qxc4+ Nxc4 19. Rac1 Kb8 20. Bxg6 Ne5 21. Bb1 Bc7 22. Rfd1 Rxd1+ 23. Rxd1 Nd5 24. Be4 f6 25. Bxd5 exd5 26. Be3 Rd8 27. Nf5 Rd7 28. h3 Nc4 29. Bd4 Bd6 30. b3 Na5 31. Ne3 Bf4 32. Nxd5 Rxd5 33. Bxa7+ Kxa7 34. Rxd5 Nc6 35. Rd7 g5 36. g3 Be5 37. h4 gxh4 38. gxh4 Nd4 39. Kg2 Ne2 40. Kf3 Nc3 41. h5 Nxa2 42. Rd5 Bc3 43. Rf5 Bd2 44. h6 Bxh6 45. Ra5+ Kb6 46. Rxa2 1-0